Normal view
MARC view
Entry Personal Name
001 - CONTROL NUMBER
- control field: 18782
003 - CONTROL NUMBER IDENTIFIER
- control field: OSt
005 - DATE AND TIME OF LATEST TRANSACTION
- control field: 20211117092021.0
008 - FIXED-LENGTH DATA ELEMENTS
- fixed length control field: 211117|| aca||aabn | a|a d
040 ## - CATALOGING SOURCE
- Original cataloging agency: OSt
- Transcribing agency: OSt
100 ## - HEADING--PERSONAL NAME
- Personal name: McMahan, Elizabeth
670 ## - SOURCE DATA FOUND
- Source citation: Work cat.: (OSt)18599: McMahan, Elizabeth., The writer's rhetoric and handbook /, c1984.